Normal view
MARC view
Entry Topical Term
001 - CONTROL NUMBER
- control field: 32867
003 - CONTROL NUMBER IDENTIFIER
- control field: dpl
005 - DATE AND TIME OF LATEST TRANSACTION
- control field: 20110816155043.0
008 - FIXED-LENGTH DATA ELEMENTS
- fixed length control field: 110816|||a|||||| | ||| d
040 ## - CATALOGING SOURCE
- Original cataloging agency: dpl
- Transcribing agency: dpl
150 ## - HEADING--TOPICAL TERM
- Topical term or geographic name as entry element: British
- Geographic subdivision: India
- General subdivision: History.
670 ## - SOURCE DATA FOUND
- Source citation: Work cat.: (dpl)55347: Matthews, Roderick, 1956- 32866, The flaws in the jewel :, 2009.
670 ## - SOURCE DATA FOUND
- Source citation: Work cat.: (dpl)55347: Matthews, Roderick, 1956- 32866, The flaws in the jewel :, 2009.
